Statistics for Name the Country by City #4

Click here to take the quiz!

General Stats

  • This quiz has been taken 1,054 times
    (403 since last reset)
  • The average score is 18 of 20

Answer Stats

CityCountry% Correct
Washington DCUnited States
100%
VancouverCanada
99%
Hong KongChina
99%
VeniceItaly
99%
New DelhiIndia
99%
CairoEgypt
99%
BerlinGermany
99%
StockholmSweden
99%
BarcelonaSpain
99%
KievUkraine
97%
PyongyangNorth Korea
96%
GenevaSwitzerland
94%
KathmanduNepal
92%
AdelaideAustralia
91%
SaporroJapan
80%
JogjakartaIndonesia
80%
WindhoekNamibia
76%
TimbuktuMali
73%
AbidjanCôte d'Ivoire
58%
CuritibaBrazil
56%

Score Distribution

Percentile by Number Answered

Percent of People with Each Score

Your Score History

You have not taken this quiz since the last reset